000 00356nam a2200169Ia 4500
100 _aShetty/ Roopa
650 _aGeneral
490 _v2
942 _cBK
654 _aCommunication skills II
245 _aCommunication Skills II
260 _bNandu Pub
_aMumbai
_c1996
082 _a302.2
_bSHE
300 _a74
546 _aENGLISH
999 _c29503
_d29503